00509nam a2200193 a 4500001001300000003000900013005001700022008004100039020001000080082002200090100001900112245002500131260006000156300000900216500003500225505001700260650001900277700001900296nice12345678IN_TiNIC20260116014301.0050524s1998 newa grp 000 0 urd  ac13000a750.11954025bFAR aFarooqi, Anees aHindustani Musawwari aNew DelhibQaumi Council Barai Taraqi-E-Urdu Langc1998 a187p aincludes index and biblioraphy2 aBibliography aPainting-India1 aFarooqi, Anees